| 000 | 00401cam a2200157ua 4500 | ||
|---|---|---|---|
| 041 |
_aeng _h |
||
| 082 |
_a670 _bGEE/BU |
||
| 100 | _aGeeson, Alfred.G . | ||
| 245 |
_aBuilding science : Structures, Vol 3 / _cG.Alfred Geeson. _hTextual Documents |
||
| 250 |
_a1 / _b. |
||
| 260 |
_a : _bEnglish Universities Press , _c1953. |
||
| 300 | _a412 ; . | ||
| 504 | _a | ||
| 942 | _cBK | ||
| 999 |
_c2442 _d2442 |
||